01267nam a2200325 i 45000010011000000030004000110050017000150080041000320200029000730400032001020410013001340500010001470820043001570820034002001000042002342400037002762450111003132640040004243000064004643360027005283360032005553370033005873380027006205000113006475210017007606500039007776500017008166550049008337000059008820008046698OSt20260425121303.0250923s2025 quca j 000 0 fre  a9782897734152 :c19,95 $ aQMBNbfreerdacQMBNdQMBND1 afreheng 4aQP37604aJ 612.825 B9428tbB942t223/fre/20250905a612.82bB9428t223/fre/2025091 aBunting, Philipeauteureillustrateur10aYour brilliant brain.lFranȧis10aTon incroyable cerveau /c[texte et illustrations] Philip Bunting ; traduit de l'anglais par Andr Ǧagnon 1a[Montrǎl] :bMultiMondes,c[2025] a1 volume (non pagin)̌ :billustrations en couleur ;c29 cm atextebtxt2rdacontent aimage fixebsti2rdacontent asans mďiationbn2rdamedia avolumebnc2rdacarrier aComplm̌ent de titre de la couverture : Dčouvre le plus merveilleux et mystřieux labyrinthe de l'univers aPour enfants 6aCerveauvOuvrages pour la jeunesse 7aCerveau2vmj 7aLivres documentaires pour la jeunesse2rvmgf1 iTraduction de :aBunting, PhiliptYour brilliant brain